|
|
|
|
| LEADER |
00000nam a2200000Ia 4500 |
| 008 |
180507b2000 u ||||| |||| 00| | spa d |
| 999 |
|
|
|c 1855
|d 1855
|
| 090 |
|
|
|a 06.03.06
|b 997
|
| 100 |
1 |
|
|a Allard Neumann, Raul
|9 3633
|
| 245 |
1 |
0 |
|a Chile: Rol del estado, políticas e instrumentos de acción pública en educación superior
|
| 260 |
|
|
|a Washington, D.C. :
|b World Bank,
|c 2000
|
| 300 |
|
|
|a 63 páginas
|
| 650 |
1 |
4 |
|a EDUCACIÓN SUPERIOR
|9 8
|
| 650 |
1 |
4 |
|a REFORMA DE LA EDUCACIÓN
|9 7
|
| 650 |
1 |
4 |
|a DESARROLLO DE LA EDUCACIÓN
|9 24
|
| 650 |
1 |
4 |
|a DATOS ESTADÍSTICOS
|9 452
|
| 942 |
|
|
|i 001652
|h 06.03.06 997
|2 z
|c 01
|